000 00760nam a2200241 i 4500
001 169347
003 ES-MaACL
005 20250911062846.0
008 080901s2008 sp |||| | spa d
017 _aM-18.502-2008
020 _a978-84-7522-310-9
080 _a821.134.2(82)-14"19"
100 0 _aGelman, Juan,
_d1930-2014
_956274
245 1 0 _aDe palabra
_b: poesía III (1973-1989) /
_cJuan Gelman ; prólogo de Julio Cortázar.
250 _a3ª ed.
260 _aMadrid :
_bVisor Libros,
_c2008.
300 _a691 p. ;
_c20 cm.
490 1 _aColección Visor de poesía ;
_v310
700 1 _aCortázar, Julio.
_940823
830 0 _aColección Visor de poesía
_v310
_9177331
852 4 _aES-MaACL
_jL-29684
_9R.143634
999 _c169347
_d169347